000 00590nam a2200169Ia 4500
008 090711s9999 xx 000 0 und d
082 _b20190
100 _aसहस्त्रबुद्धे विद्याधर
245 _aक्षितिज सीमा
260 _c1968
300 _a160
600 _aसहस्त्रबुद्धे विद्याधर
630 _aक्षितिज सीमा
700 _aसहस्त्रबुद्धे विद्याधर
730 _aक्षितिज सीमा
942 _cBOOK
999 _c314478
_d314478